Cartilla para el cultivo del algodonero : instrucciones para el agricultor /
Guardado en:
| Autor Corporativo: | |
|---|---|
| Formato: | Libro |
| Idioma: | Spanish |
| Publicado: |
Buenos Aires,
1947.
|
| Edición: | 7. ed. |
| Etiquetas: |
Agregar Etiqueta
Sin Etiquetas, Sea el primero en etiquetar este registro!
|
| LEADER | 00538nam a22001575a 4500 | ||
|---|---|---|---|
| 001 | EUN.um043848 | ||
| 003 | AR-BaUNS | ||
| 005 | 20050623122913.0 | ||
| 008 | 041125s1947####ag#a##########000#0#spa#d | ||
| 245 | 1 | 0 | |a Cartilla para el cultivo del algodonero : |b instrucciones para el agricultor / |c Dirección general de comercio. |
| 260 | |a Buenos Aires, |c 1947. | ||
| 300 | |a 151 p. : |b ilus. ; |c 22,5 cm. | ||
| 082 | 0 | 4 | |a 633.5 |
| 250 | |a 7. ed. | ||
| 110 | 2 | |a Dirección general de comercio |c Argentina. | |
| 859 | |a Ar-BaUNS |b BIB. CENTRAL - Sector C |h 633.5 |i Ar37 |p 482/952 | ||
